000 02507cam a2200313 4500500
005 20260322010050.0
041 _afre
042 _adc
100 1 0 _aClaesson, Annina
_eauthor
245 0 0 _aLe prix de la visibilité
260 _c2026.
500 _a99
520 _aAlors que l’hostilité en ligne à l’égard des élu·es suscite une inquiétude croissante, notre compréhension empirique de sa nature et de son ampleur demeure limitée. Cette étude analyse la violence en ligne visant les député·es français·es sur Twitter (X), à partir de 4,5 millions de tweets adressés entre 2022 et 2023. Trois modèles de classification conçus spécifiquement à cet effet distinguent attaques personnelles, critiques politiques et messages de soutien. Les résultats montrent que si la majorité subit peu d’attaques personnelles, un petit groupe très visible concentre une hostilité intense. La visibilité en ligne et certaines affiliations partisanes en sont les principaux déterminants, tandis que le genre influe surtout sur la forme des attaques.
520 _aWhile increasing online hostility towards elected officials has become a growing cause for public concern, our empirical understanding of the nature and scale of the phenomenon remains incomplete. This study analyzes online violence against French Members of Parliament (MPs) on Twitter (X), based on 4.5 million tweets targeting MPs between 2022 and 2023. Three bespoke classification models distinguish personal attacks, political criticism, and supportive messages. The results show that while personal attacks remain relatively rare for most MPs, a small, highly visible group of MPs become frequent targets of intense hostility. Online visibility and certain partisan affiliations are the main predictors of a more negative online experience overall, while gender mainly influences the content of attacks.
690 _aAssemblée nationale
690 _adéputé·es
690 _agenre
690 _areprésentation politique
690 _aréseaux sociaux
690 _aviolence en ligne
690 _agender
690 _aMPs
690 _aNational Assembly
690 _aonline violence
690 _apolitical representation
690 _asocial media
786 0 _nRevue française de science politique | 75 | 3 | 2026-02-05 | p. 549-579 | 0035-2950
856 4 1 _uhttps://shs.cairn.info/revue-revue-francaise-de-science-politique-2025-3-page-549?lang=fr&redirect-ssocas=7080
999 _c1753630
_d1753630